Challenges To Internal Security of India; (Record no. 184129)

MARC details
000 -LEADER
fixed length control field 00598nam a22001817a 4500
005 - DATE AND TIME OF LATEST TRANSACTION
control field 20220113121440.0
010 ## - LCCN (DPL NO)
LC control number ENG-131097
020 ## - INTERNATIONAL STANDARD BOOK NUMBER
International Standard Book Number 978-93-90727-73-5
Terms of availability 235.00
035 ## - SYSTEM CONTROL NUMBER
System control number EN-114629
037 ## - SOURCE OF ACQUISITION
Source of stock number/acquisition DBAD
082 ## - DEWEY DECIMAL CLASSIFICATION NUMBER
Classification number 352.3790954
100 ## - MAIN ENTRY--PERSONAL NAME
Personal name Kumar, Ashok
245 ## - TITLE STATEMENT
Title Challenges To Internal Security of India;
Statement of responsibility, etc Ashok Kumarm, Vipul Anekant
260 ## - PUBLICATION, DISTRIBUTION, ETC. (IMPRINT)
Place of publication, distribution, etc Chennai
Name of publisher, distributor, etc McGraw Hill Education Private Limited
Date of publication, distribution, etc 2022
270 ## - ADDRESS
City Chennai
Address Anjana Complex No. 5/90 A, Butt Road, St Thomas Mount
Postal code 600016
300 ## - PHYSICAL DESCRIPTION
Extent 246p.
Dimensions 24cm(pbk)
942 ## - ADDED ENTRY ELEMENTS (KOHA)
Source of classification or shelving scheme Dewey Decimal Classification
Item type English Books
Classification part 352.3790954
Call number suffix ASH
Holdings
Withdrawn status Lost status Not for loan Collection code Home library Current library Date acquired Source of acquisition Cost, normal purchase price Full call number Barcode Copy number Cost, replacement price Koha item type
      Non-fiction Patel Nagar Patel Nagar 13/01/2022 DBAD/PUB 235.00 352.3790954 ASH EN-114629 1 235.00 English Books

© Delhi Public Library
Hit Counter
free hit counter